LIBRARY & INFORMATION CENTRE, KCAET, TAVANUR

ONLINE PUBLIC ACCESS CATALOGUE (OPAC)

Geology for engineers / (Record no. 10331)

MARC details
000 -LEADER
fixed length control field 00440cam a2200181ua 4500
041 ## - LANGUAGE CODE
Language code of text/sound track or separate title eng
082 ## - DEWEY DECIMAL CLASSIFICATION NUMBER
Classification number 551.0162
Item number RAJ/GE
100 ## - MAIN ENTRY--AUTHOR NAME
Personal name Rajaraman, S .
245 ## - TITLE STATEMENT
Title Geology for engineers /
250 ## - EDITION STATEMENT
Edition statement 4 /
260 ## - PUBLICATION, DISTRIBUTION, ETC. (IMPRINT)
Place of publication Trichur :
Name of publisher Neo saraswathi pri works ,
Year of publication 1957.
300 ## - PHYSICAL DESCRIPTION
Number of Pages 201 ; .
942 ## - ADDED ENTRY ELEMENTS (KOHA)
Koha item type Books
Holdings
Withdrawn status Lost status Damaged status Home library Current library Date acquired Cost, normal purchase price Full call number Accession Number Koha item type Public note
Withdrawn     KAUAET KAUAET 07/04/2012 6.25 551.0162 RAJ/GE 7202 Books  
Withdrawn     KAUAET Sanskrit University 19/06/2020 6.25 551.0162 RAJ/GE 7203 Books Transferred to Sanskrit University
free website counter